O Canada - Sudden Death - Statistics

General Stats
  • This quiz has been taken 33 times
    31 since last reset
  • The average score is 17 of 22
Answers on the Grid
Answers color-coded by a green-red scale on the quiz's grid according to % correct below.
Banner
Canada
Cannuck
Cold
Command
Eh?
Far
Free
Glorious
Glowing
God
Great
Guard
Hearts
Home
Hoser
Keep
King
Land
Love
Molson
Moose
Mounties
Native
North
Patriot
Poutine
Rise
Sorry
Stand
Strong
Thee
True
White
Wide
Zed
 
Answer Stats
Answer % Correct
Canada
100%
Land
89%
Thee
89%
Free
86%
Glorious
86%
Strong
82%
True
82%
Command
79%
Far
79%
Patriot
79%
God
75%
Guard
75%
Home
75%
North
75%
Stand
75%
Hearts
71%
Native
71%
Rise
71%
Wide
68%
Glowing
64%
Keep
64%
Love
64%
No matching quizzes found
Score Distribution
Percent of People with Each Score
Percentile by Number Answered
Your Score History
You have not taken this quiz since the last reset